Bloodborne - Multiple choice - Statistics

General Stats
  • This quiz has been taken 328 times
    327 since last reset
  • The average score is 8 of 16
Answer Stats
Question Answer % Correct
Complete the Boss name: __________ Logarius. Martyr Logarius
93%
What must happen in the Game to have access to Hypogean Gaol/Yahar'gul before killing Rom, the Vacuous Spider? The player must be killed by a Snatcher.
88%
Which badge do you need to unlock the Tonitrus in the messenger's shop? Spark Hunter Badge
83%
^ which Boss must be defeated to get this badge? Darkbeast Paarl
72%
The designer's name is: Hidetaka Miyazaki
65%
From who in the game is this dialogue: "A meek and faded thing, but 'twill guide thee nonetheless"? It's not from Bloodborne, but from Dark Souls 3
63%
Which type of enemy is the Nightmare Executioner (DLC)? Not Kin, nor Beast
46%
Which NPC can be summoned for the fight against Vicar Amelia? Henriett
44%
Which Headstone in the Hunter' Dream must be touched to enter the "Graveyard of the Darkbeast" location? Yharnam Headstone
36%
Which of these Chalice Dungeon bosses can be found in the regular Game? Abhorrent Beast
35%
Which one of these answers is wrong: You get the "Corruption" rune from Annalise, Duchesse of the Vilebloods.
33%
Which of these isn't a Chalice Dungeon material Yellow Headbone
32%
When was Bloodborne released in North America? march 24 2015
25%
Which of these Weapons has not a S-Skaling on an attribute when fully ugdraded (+10)? Rakuyo
21%
The Oedon Chapel Dweller asks you to find people looking for a safe place. How many survivors can you send to the Chapel? 6
14%
Which Weapons/Hunter tools/items are unlocked in the Messengers shop, when you get the Cainhurst Badge? Chikage, Numbing Mist, Evelyn
14%
No matching quizzes found
Score Distribution
Percent of People with Each Score
Percentile by Number Answered
Your Score History
You have not taken this quiz since the last reset